000 01583cam a22004694i 4500
003 PE-LiUPU
005 20250731173516.0
008 150616s1991 xxu rb 000 0 eng d
020 _a0310535611
035 _a(Sirsi) i9780310535614
040 _aPE-LiUPU
_bspa
_cPE-LiUPU
_erda
049 _aPRUA
082 0 4 _a253.2
_bM52
_221
100 1 _aMickey, Paul A.,
_eautor.
245 1 0 _aClergy families /
_cPaul A. Mickey.
264 1 _aU.S.A. :
_bZondervan Publishing House,
_c1991.
300 _a154 páginas ;
_c21 centímetros
336 _atext
_2rdacontent
337 _aunmediated
_2rdamedia
338 _avolume
_2rdacarrier
504 _aBibliografía: páginas 153-154.
505 0 _aSnapshots of the clergy family -- Theological call -- Establishing correct priorities -- From call to pulpit -- Exemplars of ministry.
526 _aSEG42
526 _aSEG41
526 _aSEG40
526 _aSEG39
526 _aP94
526 _aP87
526 _aP86
526 _aP85
526 _aP77
526 _aP76
526 _aP35
650 0 4 _aPastores -- Familia.
910 _ajck
_bjvq
_cjck
942 _2ddc
_cBOOK
949 _a253.2 M52
_wDEWEY
_c1
_i41725
_lCCODEBUL1
_mBUL
_r0
_sY
_tBOOK
_u2015-6-16
_xTEOLOGIA
_zUNKNOWN
_0COMPRA
_o.STAFF. Colección General
994 _aC0
_bPEPRU
596 _a1
999 _a253.2 M52
_wDEWEY
_c59397
_i41725
_f2021-11-10
_g5
_lCCODEBUL1
_mBUL
_p12.00
_r0
_sY
_tBOOK
_u2015-6-16
_xTEOLOGIA
_PP35
_0COMPRA
_o.STAFF. Colección Teología
_d59397
980 _81
_gALBERTO SANCHEZ Responsable de Automatización